| 000 | 01468nam a2200277 a 4500 | ||
|---|---|---|---|
| 001 | 000021874 | ||
| 005 | 20250501120733.0 | ||
| 008 | 090709s2001 dr ac 001 0 spa d | ||
| 020 | _a9993427012 | ||
| 040 |
_aDO-SdBNP _bspa _cBNPHU |
||
| 082 |
_a972.93053 _bV422a |
||
| 100 | 1 |
_aVega, Bernardo, _d1938 - _93222 |
|
| 245 | 1 | 0 |
_aAlmoina, Galíndez y otros crímenes de Trujillo en el extranjero / _cBernardo Vega. |
| 260 |
_aSanto Domingo : _bFundación Cultura Dominicana, _c2001. |
||
| 300 |
_a147 p. : _bil., retrs. ; _c26 cm. |
||
| 500 | _aIncluye datos biográficos del autor en las solapas. | ||
| 500 | _aIncluye índice onomástico. | ||
| 504 | _aIncluye bibliografía y notas al pie de páginas. | ||
| 505 | 0 |
_tAlmoina en Santo Domingo -- _tEl informe confidencia lde 1947 y el libro bajo seudónimo de 1949 -- _tFélix W. Bernardino y los asesinatos en el extranjero -- _tCalíndez y Almoina -- _tLos planes contra Galíndez en 1954-1956 -- _tEl período posterior a la muerte de Galíndez -- _tJohnny Abbes en Centroamérica y México -- _tJohnny Abbes en la cúspide del poder -- _tLa suerte de Johnny Abbes y de Félix W. Bernardino -- _gÍndice onomástico. |
|
| 600 | 1 | 4 |
_aALMOINA MATEOS, JOSÉ, _d1903-1960 _xMUERTE _945406 |
| 650 | 0 |
_aHomicidio político _931686 |
|
| 650 | 1 | 0 |
_aDemografía _945443 |
| 651 | 4 |
_aRepública Dominicana _xPolítica Y Gobierno _yERA DE TRUJILLO, 1930-1961 _91374 |
|
| 910 | _aValidado. Control de calidad EMS. | ||
| 049 | _aBNPD | ||
| 999 |
_c21372 _d21372 |
||